Europa Kaart Quiz - Topografie - Statistieken

Algemene statistieken
  • Deze quiz is 771 keer genomen
  • De gemiddelde score is 31 van 45
Antwoorden op de kaart
Antwoorden kleurgecodeerd door een groen-rode schaal op de quizkaart volgens % correct hieronder.
 
Antwoordstatistieken
Antwoord % Correct
Frankrijk
87%
Spanje
87%
Italië
85%
Portugal
85%
Ierland
84%
Verenigd Koninkrijk
84%
België
83%
Duitsland
83%
IJsland
83%
Griekenland
82%
Rusland
82%
Denemarken
81%
Nederland
81%
Finland
80%
Luxemburg
80%
Noorwegen
78%
Oostenrijk
77%
Polen
77%
Zweden
76%
Oekraïne
74%
Estland
73%
Zwitserland
73%
Tsjechië
70%
Kroatië
69%
Letland
69%
Wit-Rusland
69%
Liechtenstein
65%
Monaco
65%
Litouwen
64%
Malta
64%
Roemenië
64%
Vaticaan
64%
Andorra
61%
Bosnië en Herzegovina
57%
San Marino
57%
Bulgarije
56%
Moldavië
56%
Albanië
54%
Slovenië
54%
Slowakije
54%
Kosovo
53%
Hongarije
50%
Noord-Macedonië
50%
Servië
45%
Montenegro
40%
Geen overeenkomende quizzen gevonden
Scoreverdeling
Procent van Mensen met Elke Score
Percentiel versus Aantal Correcte Antwoorden
Uw Scoregeschiedenis
U heeft deze quiz nog niet genomen